Aktuálne otázky odmeňovania

Bibliographic Details
Main Author: Zvolenský, Vladimír (Ing., CSc.) (Author)
Format: Article
Language:Slovak
Subjects:

MARC

LEADER 00000nab a2200000 a 4500
001 vtls000292119
003 SK-MaSNL
005 20260303231344.0
008 150409c1987 xo 0 slo
015 |a SNBRB19rr/mm-uuuuu 
035 |a CL0302238 
040 |a SNKBUCL  |b slo  |c SNKBUCL  |e AACR2 
041 0 |a slo 
044 |a xo  |c SK 
080 |a 331.2:061.3  |2 1981 
080 |a 061.3  |2 1981 
100 1 |a Zvolenský, Vladimír  |c (Ing., CSc.)  |4 aut  |9 8317 
245 1 0 |a Aktuálne otázky odmeňovania  |c Vladimír Zvolenský 
650 0 7 |a odmeňovanie  |2 snkbucl  |9 2329 
655 7 |a články z novín a časopisov  |2 snkbucl  |9 267496 
773 0 |t Ekonomika práce  |g Č. 2 (1987), s. 56-59 
850 |a Slovenská národná knižnica v Martine  |a MTA001 
852 |a SNK  |b KIS3GCP 
958 |a RK 
992 |a RBX 
999 |c 2266331  |d 2268261